00467nam a2200193 a 4500001001300000003000900013005001700022008004100039020000900080082001500089100001900104245001800123260003400141300000900175500003500184505001000219650002500229700001900254nice12345678IN_TiNIC20260116012516.0050524s1979 dela grp 000 0 urd  ac1000a297.5bZAF aZafar, Mahmood aIslami Aadaab aDelhibMaktaba Alhasnatc1979 a240p aincludes index and biblioraphy2 aTyped aIslam-Moral Theology1 aZafar, Mahmood